The Gospel according to St. Matthew, (Record no. 7849)

MARC details
000 -LEADER
fixed length control field 01160cam a22002651 4500
001 - CONTROL NUMBER
control field 2639488
003 - CONTROL NUMBER IDENTIFIER
control field GBCCL
005 - DATE AND TIME OF LATEST TRANSACTION
control field 20241126110638.0
008 - FIXED-LENGTH DATA ELEMENTS--GENERAL INFORMATION
fixed length control field 790405s1961 miu 000 0 eng
010 ## -
-- 61018907
020 ## - INTERNATIONAL STANDARD BOOK NUMBER
International Standard Book Number 0851116116
040 ## - CATALOGING SOURCE
Original cataloging agency DLC
Transcribing agency DLC
Modifying agency DLC
050 00 -
-- BS2575.3
-- .T3
082 00 - DEWEY DECIMAL CLASSIFICATION NUMBER
Classification number 225.7
Item number TYN
100 1# - MAIN ENTRY--PERSONAL NAME
Personal name Tasker, R. V. G.
Fuller form of name (Randolph Vincent Greenwood),
Dates associated with a name 1895-
9 (RLIN) 1391
245 04 - TITLE STATEMENT
Title The Gospel according to St. Matthew,
Remainder of title an introduction and commentary.
250 ## - EDITION STATEMENT
Edition statement [1st ed.]
260 ## - PUBLICATION, DISTRIBUTION, ETC.
Place of publication, distribution, etc. London,
Name of publisher, distributor, etc. Tyndale press
Date of publication, distribution, etc. [1961]
300 ## - PHYSICAL DESCRIPTION
Extent 285 p.
Dimensions 20 cm.
490 0# - SERIES STATEMENT
Series statement The Tyndale New Testament commentaries
505 ## - FORMATTED CONTENTS NOTE
Formatted contents note v.1 Matthew.-- v.2 Mark.-- v.3 Luke.-- v.4 John.-- v.5 Acts.-- v.6 Romans.-- v.7 I Corinthians.-- v.8 II Corinthians.-- v.9 Galatians.-- v.10 Ephesians.-- v.11 Philippians.-- v.12 Colossians and Philemon.-- v.13 I,II Thessalonians.-- v.14 Pastoral Epistles.-- v.15 Hebrews.-- v.16 James.-- v.17 I Peter.-- v.18 II Peter, Jude.-- v.19 I, II,III John.-- v.20 Revelation.
630 00 - SUBJECT ADDED ENTRY--UNIFORM TITLE
Uniform title Bible.
Name of part/section of a work Matthew
General subdivision Commentaries.
9 (RLIN) 830
906 ## - LOCAL DATA ELEMENT F, LDF (RLIN)
a 7
b cbc
c orignew
d u
e ocip
f 19
g y-gencatlg
942 ## - ADDED ENTRY ELEMENTS (KOHA)
Source of classification or shelving scheme Dewey Decimal Classification
Koha item type Books
Koha issues (borrowed), all copies 3
Holdings
Withdrawn status Lost status Source of classification or shelving scheme Damaged status Not for loan Home library Current Library Shelving location Date acquired Total checkouts Full call number Barcode Date last seen Date last checked out Copy number Price effective from Koha item type
    Dewey Decimal Classification     GRACE BIBLE COLLEGE GRACE BIBLE COLLEGE Biblical Studies 2018-10-10 3 225.7 TYN 004178 2025-05-01 2024-09-09 v.1 2018-10-10 Books
© Grace Bible College Library 2025